India : (Record no. 129725)

MARC details
000 -LEADER
fixed length control field 00779nam a22002417a 4500
005 - DATE AND TIME OF LATEST TRANSACTION
control field 20170124110101.0
010 ## - LIBRARY OF CONGRESS CONTROL NUMBER
LC control number A-383606
020 ## - INTERNATIONAL STANDARD BOOK NUMBER
Terms of availability 00.00
International Standard Book Number 8170991358
035 ## - SYSTEM CONTROL NUMBER
System control number A-383606
037 ## - SOURCE OF ACQUISITION
Source of stock number/acquisition Cen Lib/Ret
040 ## - CATALOGING SOURCE
Original cataloging agency DPL
Language of cataloging EN
082 ## - DEWEY DECIMAL CLASSIFICATION NUMBER
Classification number 954.09
Item number IQB
100 ## - MAIN ENTRY--PERSONAL NAME
Personal name Iqbal Narain
9 (RLIN) 27219
245 ## - TITLE STATEMENT
Title India :
Statement of responsibility, etc by Iqbal Narain [and] Surendra K Gupta
Remainder of title in the year A.D.2000 /
260 ## - PUBLICATION, DISTRIBUTION, ETC. (IMPRINT)
Name of publisher, distributor, etc Mittal Publications
Place of publication, distribution, etc Delhi
Date of publication, distribution, etc 1989
270 ## - ADDRESS
Address 4528/12, Jai Mata Market, Trinagar
City Delhi
Postal code 110035
300 ## - PHYSICAL DESCRIPTION
Extent vi,164p.
Dimensions 21cm(Hb)
500 ## - GENERAL NOTE
General note Includes bibliographical references and index
650 ## - SUBJECT ADDED ENTRY--TOPICAL TERM
Topical term or geographic name as entry element India -- Economic policy -- 1980
9 (RLIN) 27220
650 ## - SUBJECT ADDED ENTRY--TOPICAL TERM
Topical term or geographic name as entry element Economic policy
9 (RLIN) 3998
700 ## - ADDED ENTRY--PERSONAL NAME
Personal name Gupta, Surendra K
9 (RLIN) 9509
942 ## - ADDED ENTRY ELEMENTS (KOHA)
Source of classification or shelving scheme Dewey Decimal Classification
Koha item type English Books
Classification part 954.09
Call number suffix IQB
Holdings
Withdrawn status Lost status Damaged status Not for loan Home library Current library Date acquired Source of acquisition Cost, normal purchase price Total Checkouts Full call number Barcode Date last seen Date checked out Copy number Cost, replacement price Price effective from Koha item type
        Central Library Central Library 07/07/2015 Cen Lib/Ret 0.00 1 954.09 IQB A-383606 17/04/2018 12/04/2018 1 0.00 07/07/2015 English Books

© Delhi Public Library
Hit Counter
free hit counter